| Поле | Инд. | ПП | Название | Значение |
|---|---|---|---|---|
| Тип записи | a | |||
| Библиографический уровень | b | |||
| 001 | Контрольный номер | RU/IS/BASE/215802203 | ||
| 005 | Дата корректировки | 20200729195452.0 | ||
| 008 | Кодируемые данные | 20061102 | ||
| 040 | b | Код языка каталог. | rus | |
| e | Правила каталог. | PSBO | ||
| 041 | 0_ | a | Код языка текста | rus |
| 084 | a | Индекс другой классификации/Индекс ББК | 74.04(0)ж; 66.4(0),68 | |
| 245 | 11 | a | Заглавие | "Группа восьми" об образовании |
| b | Продолж. заглавия | ["Образование для инновационных обществ в XXI веке" и "Московская декларация"] | ||
| 505 | 0_ | a | Форматированное содержание | Образование для инновационных обществ в XXI веке |
| a | Форматированное содержание | Московская декларация | ||
| 520 | 0_ | a | Аннотация | Публикация двух документов "Группы восьми", один из которых принят на совещании министров образования государств-членов "Группы восьми" в Москве 1-2 июня 2006 г., а второй вошел в пакет документов саммита Большой Восьмерки в июле 2006 г. в Санкт-Петербурге |
| 650 | 04 | a | Основная рубрика | внешняя политика |
| a | Основная рубрика | образование | ||
| a | Основная рубрика | политика | ||
| 653 | 0_ | a | Ключевые слова | "Группа восьми" ("Большая восьмерка") |
| a | Ключевые слова | международная политика | ||
| a | Ключевые слова | международные образовательные программы | ||
| 773 | 0_ | t | Заглавие источника | Высшее образование сегодня |
| d | Дата издания источника | 2006 | ||
| g | Прочая информация | № 8. - С. 30 - 35 | ||
| w | Контрольный № источника | RU/IS/BASE/214494051 | ||
| 901 | t | Тип документа | b |